Central Library OPAC University of Rajshahi
Normal view MARC view

Entry Topical Term

Number of records used in: 5

001 - CONTROL NUMBER

  • control field: 12916

003 - CONTROL NUMBER IDENTIFIER

  • control field: BD-RjUL

005 - DATE AND TIME OF LATEST TRANSACTION

  • control field: 20240509100039.0

008 - FIXED-LENGTH DATA ELEMENTS

  • fixed length control field: 240509|| aca||aabn | a|a d

040 ## - CATALOGING SOURCE

  • Original cataloging agency: BD-RjUL
  • Transcribing agency: BD-RjUL

150 ## - HEADING--TOPICAL TERM

  • Topical term or geographic name entry element: Food and drink
  • Form subdivision: Wheat

670 ## - SOURCE DATA FOUND

  • Source citation: Work cat.: (BD-RjUL)83696: Zaman, Shahriar 9603, Cytogenetical and Biochemical Analyses in Tip Sterile Lines of Wheat (Triticum Aestivum L.) /, 2007